000 01026nam2a2200229 4500
001 rc\2939112
005 20110824154309.7
035 _a(NLR Aleph) 007088012
090 _a13599092
_c13599092
100 _a20110824d1935 |||y0rusy50 ca
101 0 _arus
102 _aRU
105 _ay z |||||
200 1 _aУчет материалов в переработке и материалов, принятых в переработку
210 _d[1935]
461 0 _1001rc\2939077
_12001#$aМатериалы и статьи по учету, отчетности и пр. (п. 3-й программы)$eВып. 6-$fГосплан СССР. ЦУНХУ. Гос. Всесоюз. объединение "Союзоргучет". Ленингр. обл. контора. Консультационно-информационное бюро$vВып. 1 [46]. Янв. 1935 г.
700 1 _aГулис
_bМ. К.
801 0 _aRU
_bNLR
_gpsbo
801 1 _aRU
_bELAR
_2rusmarc
852 _aNLR
_j34-17/216
942 _cBOOK
980 _aNB